[Event "PSNA CET 45th National Junior (U-19) Ch"]
[Site "PSNA College of Engineering &"]
[Date "2015.07.29"]
[Round "9.10"]
[White "Adhithya, S."]
[Black "Krishna Teja, N."]
[Result "0-1"]
[WhiteElo "2074"]
[BlackElo "2192"]
[PlyCount "80"]
[EventDate "2015.07.23"]
[EventRounds "11"]
[EventCountry "IND"]
[SourceDate "2003.06.08"]

1. c4 Nf6 2. Nc3 c6 3. Nf3 d5 4. cxd5 cxd5 5. d4 Nc6 6. e3 a6 7. h3 Bf5 8. Bd3
Bg6 9. O-O e6 10. Ne5 Nxe5 11. dxe5 Nd7 12. Bxg6 hxg6 13. e4 dxe4 14. Nxe4 Nxe5
15. Bf4 Qxd1 16. Rfxd1 Nc6 17. Bc7 Rc8 18. Bb6 Rh5 19. a4 Bb4 20. Rac1 Rd5 21.
Rf1 f5 22. Bc5 Bd2 23. Nxd2 Rxd2 24. b4 Nd4 25. Kh2 Ne2 26. Ra1 Nc3 27. Be3 Rb2
28. Bc5 a5 29. Bd4 axb4 30. Bxg7 Rc2 31. Bxc3 bxc3 32. Kg3 Rd2 33. Kf3 c2 34.
Rfc1 Rc3+ 35. Kf4 Rxf2+ 36. Kg5 Kf7 37. g4 Rxh3 38. Rh1 Rxh1 39. Rxh1 Rh2 40.
Rc1 Rg2 0-1

[Event "PSNA CET 45th National Junior (U-19) Ch"]
[Site "PSNA College of Engineering &"]
[Date "2015.07.29"]
[Round "9.11"]
[White "Baivab, Mishra"]
[Black "Pranavananda, V."]
[Result "0-1"]
[WhiteElo "2079"]
[BlackElo "2246"]
[PlyCount "110"]
[EventDate "2015.07.23"]
[EventRounds "11"]
[EventCountry "IND"]
[SourceDate "2003.06.08"]

1. g3 d5 2. Nf3 Nc6 3. d4 Bg4 4. Bg2 Qd7 5. c3 Bh3 6. Bxh3 Qxh3 7. Bf4 Qd7 8.
Nbd2 f6 9. h4 e6 10. Qc2 Bd6 11. Bxd6 Qxd6 12. e4 e5 13. dxe5 Nxe5 14. Nxe5
Qxe5 15. O-O-O O-O-O 16. exd5 Rxd5 17. Nc4 Rxd1+ 18. Rxd1 Qe6 19. Qa4 a6 20.
Qb3 Qe4 21. Nd2 Qe8 22. Qc4 Nh6 23. Ne4 Nf7 24. Nc5 Ne5 25. Qd5 Qc6 26. Qxc6
Nxc6 27. Ne6 g6 28. Nd4 Ne5 29. f4 Ng4 30. Re1 Kd7 31. Kd2 c5 32. Nc2 f5 33.
Ne3 Nf6 34. Ke2 b5 35. Kf3 h5 36. a4 b4 37. Nc4 bxc3 38. bxc3 Ne4 39. Rb1 Kc7
40. a5 Rd8 41. Rb6 Rd3+ 42. Ne3 Nxc3 43. Rxa6 Nd5 44. Rxg6 Rxe3+ 45. Kf2 Ra3
46. Rg5 Ne7 47. Rxh5 Rxa5 48. Ke2 Kd6 49. Rh7 Nc6 50. h5 Nd4+ 51. Kd2 Ra2+ 52.
Kd3 Ra3+ 53. Kc4 Rxg3 54. Rh6+ Ne6 55. Rf6 Rg4 0-1

[Event "PSNA CET 45th National Junior (U-19) Ch"]
[Site "PSNA College of Engineering &"]
[Date "2015.07.29"]
[Round "9.12"]
[White "Shailesh, Dravid"]
[Black "Arjun, Kalyan"]
[Result "1-0"]
[WhiteElo "2188"]
[BlackElo "2037"]
[PlyCount "103"]
[EventDate "2015.07.23"]
[EventRounds "11"]
[EventCountry "IND"]
[SourceDate "2003.06.08"]

1. d4 d5 2. c4 e6 3. Nf3 Nf6 4. Nc3 Bb4 5. Qa4+ Nc6 6. Bg5 h6 7. Bxf6 Qxf6 8.
e3 O-O 9. Qc2 Rd8 10. Rd1 e5 11. cxd5 exd4 12. dxc6 Bf5 13. Bd3 Bxd3 14. Rxd3
dxc3 15. O-O bxc6 16. bxc3 Rxd3 17. Qxd3 Bxc3 18. h3 Be5 19. Rc1 Bd6 20. Qe4
Rb8 21. Qxc6 Qb2 22. a4 Qa2 23. Nd4 Rb4 24. a5 Ra4 25. Qa8+ Kh7 26. Qxa7 Rxa5
27. Qb7 Qd5 28. Qb1+ g6 29. Nf3 Qe6 30. Qd3 Rd5 31. Qe2 Ra5 32. Qd2 Ra2 33. Qd4
Qb3 34. Qf6 Kg8 35. e4 Qb6 36. Qd8+ Kg7 37. Rf1 Bc5 38. Qh4 Qf6 39. Qg3 Qd6 40.
e5 Qe6 41. Qf4 Qb6 42. Nh2 g5 43. Qf3 Bxf2+ 44. Rxf2 Ra1+ 45. Nf1 Rxf1+ 46.
Kxf1 Qb1+ 47. Ke2 Qb2+ 48. Ke1 Qxe5+ 49. Re2 Qa1+ 50. Kf2 Qd4+ 51. Qe3 Qf6+ 52.
Kg3 1-0

[Event "PSNA CET 45th National Junior (U-19) Ch"]
[Site "PSNA College of Engineering &"]
[Date "2015.07.30"]
[Round "10.1"]
[White "Kumaran, B."]
[Black "Aravindh, Chithambaram Vr"]
[Result "1/2-1/2"]
[WhiteElo "2254"]
[BlackElo "2507"]
[PlyCount "32"]
[EventDate "2015.07.23"]
[EventRounds "11"]
[EventCountry "IND"]
[SourceDate "2003.06.08"]

1. e4 e5 2. Nf3 d6 3. d4 exd4 4. Nxd4 Nf6 5. Nc3 Be7 6. Be2 O-O 7. O-O Re8 8.
f4 Nbd7 9. Bf3 Bf8 10. Re1 a5 11. Be3 Nc5 12. Bf2 Nfd7 13. Nf5 Nf6 14. Ng3 Nfd7
15. Nf5 Nf6 16. Ng3 Nfd7 1/2-1/2

[Event "PSNA CET 45th National Junior (U-19) Ch"]
[Site "PSNA College of Engineering &"]
[Date "2015.07.30"]
[Round "10.2"]
[White "Akash, G."]
[Black "Harsha, Bharathakoti"]
[Result "1-0"]
[WhiteElo "2354"]
[BlackElo "2368"]
[PlyCount "87"]
[EventDate "2015.07.23"]
[EventRounds "11"]
[EventCountry "IND"]
[SourceDate "2003.06.08"]

1. b3 e5 2. Bb2 Nc6 3. e3 Nf6 4. Bb5 Bd6 5. Na3 Na5 6. Be2 a6 7. Nf3 Qe7 8. Nb1
O-O 9. d4 exd4 10. Nxd4 Be5 11. Nc3 Nc6 12. O-O d5 13. Nxc6 bxc6 14. Na4 Bd6
15. c4 Rd8 16. Qd4 c5 17. Qh4 Be5 18. Bxe5 Qxe5 19. cxd5 Bb7 20. Nxc5 Bxd5 21.
Qg3 Qb2 22. Bxa6 Qa3 23. Rfc1 Rxa6 24. Nxa6 Qxa6 25. Qxc7 Re8 26. f3 h6 27. Qc5
Be6 28. e4 Rb8 29. Qd4 Rb7 30. b4 Qa3 31. Qc3 Qxc3 32. Rxc3 Rxb4 33. a4 Rb6 34.
Rc5 Ra6 35. Rb5 Kf8 36. a5 Nd7 37. f4 Ke8 38. Rc1 Ra7 39. f5 Ba2 40. Rc2 Bb3
41. Rxb3 Rxa5 42. Rb7 Nc5 43. Rb1 f6 44. Rd1 1-0

[Event "PSNA CET 45th National Junior (U-19) Ch"]
[Site "PSNA College of Engineering &"]
[Date "2015.07.30"]
[Round "10.3"]
[White "Sai, Vishwesh.C"]
[Black "Sammed Jaykumar, Shete"]
[Result "1-0"]
[WhiteElo "2318"]
[BlackElo "2267"]
[PlyCount "141"]
[EventDate "2015.07.23"]
[EventRounds "11"]
[EventCountry "IND"]
[SourceDate "2003.06.08"]

1. e4 e5 2. Nf3 Nc6 3. Bb5 a6 4. Ba4 Nf6 5. O-O b5 6. Bb3 Be7 7. Re1 d6 8. c3
Na5 9. Bc2 c5 10. d4 Qc7 11. h3 O-O 12. Nbd2 cxd4 13. cxd4 Nc6 14. d5 Nb4 15.
Bb1 a5 16. Nf1 Bd7 17. Ne3 Rfc8 18. g4 Ne8 19. Kh1 Bd8 20. Rg1 Na6 21. Bd2 b4
22. Nh2 Nc5 23. Qf3 Bb5 24. g5 Na4 25. b3 Nc3 26. Nf5 Be2 27. Qe3 Qa7 28. Qg3
Bb6 29. Ng4 Bxg4 30. Qxg4 Nxb1 31. Raxb1 Rc2 32. Be3 g6 33. Nh6+ Kg7 34. Rg3
Rac8 35. Rf3 R8c7 36. Bxb6 Qxb6 37. Qc8 Qb5 38. Rxf7+ Rxf7 39. Qxc2 Rc7 40. Qd1
Qd7 41. Kg2 Rc3 42. Qg4 Qxg4+ 43. Nxg4 Nc7 44. Ne3 Nb5 45. Nc4 Rc2 46. Ra1 Re2
47. Kf3 Nd4+ 48. Kg3 Rxe4 49. Nxd6 Rf4 50. Re1 Nf5+ 51. Nxf5+ Rxf5 52. h4 Kf7
53. Rd1 Ke7 54. d6+ Kd7 55. Rd5 Rf7 56. Rxe5 Kxd6 57. Rxa5 Kc6 58. f4 Kb6 59.
Ra8 Kc5 60. Kg4 Kd4 61. Rc8 Ke3 62. Rc4 Ra7 63. f5 Rxa2 64. f6 Rg2+ 65. Kh3 Rg1
66. Rxb4 Kf3 67. Rf4+ Kxf4 68. f7 Rh1+ 69. Kg2 Rxh4 70. f8=Q+ Kxg5 71. Qe7+ 1-0

[Event "PSNA CET 45th National Junior (U-19) Ch"]
[Site "PSNA College of Engineering &"]
[Date "2015.07.30"]
[Round "10.4"]
[White "Varun, V."]
[Black "Karthikeyan, Murali"]
[Result "0-1"]
[WhiteElo "2171"]
[BlackElo "2509"]
[PlyCount "46"]
[EventDate "2015.07.23"]
[EventRounds "11"]
[EventCountry "IND"]
[SourceDate "2003.06.08"]

1. d4 Nf6 2. Nf3 g6 3. Nc3 Bg7 4. e4 d6 5. Be3 c6 6. Qd2 b5 7. Bd3 O-O 8. O-O
Nbd7 9. a4 b4 10. Ne2 a5 11. c3 Rb8 12. cxb4 Rxb4 13. Qc2 c5 14. Bd2 Rb8 15.
Bc3 d5 16. Ng3 dxe4 17. Bxe4 Qb6 18. dxc5 Nxc5 19. Be5 Ba6 20. Bxb8 Bxf1 21.
Be5 Ba6 22. Rc1 Rc8 23. Bxf6 Bxf6 0-1

[Event "PSNA CET 45th National Junior (U-19) Ch"]
[Site "PSNA College of Engineering &"]
[Date "2015.07.30"]
[Round "10.5"]
[White "Dhulipalla, Bala Chandra Prasad"]
[Black "Abhilash, Reddy M.L"]
[Result "1-0"]
[WhiteElo "2207"]
[BlackElo "2224"]
[PlyCount "88"]
[EventDate "2015.07.23"]
[EventRounds "11"]
[EventCountry "IND"]
[SourceDate "2003.06.08"]

1. Nf3 Nf6 2. g3 c5 3. Bg2 g6 4. O-O Bg7 5. d3 O-O 6. e4 Nc6 7. c3 e5 8. Re1 d5
9. exd5 Nxd5 10. Nbd2 h6 11. Nc4 Re8 12. Qb3 Nc7 13. Be3 b6 14. Ng5 hxg5 15.
Bxc6 Be6 16. Qd1 g4 17. Nd2 Qd6 18. Bxa8 Rxa8 19. Ne4 Qc6 20. f3 f5 21. Ng5
gxf3 22. Qxf3 Bd5 23. Qf1 Qd6 24. d4 cxd4 25. cxd4 Re8 26. Rac1 Ne6 27. Nxe6
Rxe6 28. Rc8+ Kf7 29. Rec1 Re7 30. Bg5 Rd7 31. Qb5 Be6 32. d5 Qxd5 33. Qxd5
Rxd5 34. R8c7+ Bd7 35. Rxa7 f4 36. Re1 Ke6 37. Bxf4 Kf5 38. Be3 b5 39. Re2 e4
40. Kg2 Be5 41. Rd2 Rxd2+ 42. Bxd2 Bc6 43. Bc3 Bb8 44. Ra6 e3+ 1-0

[Event "PSNA CET 45th National Junior (U-19) Ch"]
[Site "PSNA College of Engineering &"]
[Date "2015.07.30"]
[Round "10.6"]
[White "Pranavananda, V."]
[Black "Shailesh, Dravid"]
[Result "1-0"]
[WhiteElo "2246"]
[BlackElo "2188"]
[PlyCount "105"]
[EventDate "2015.07.23"]
[EventRounds "11"]
[EventCountry "IND"]
[SourceDate "2003.06.08"]

1. b3 b6 2. Bb2 Bb7 3. Nf3 e6 4. g3 Nf6 5. Bg2 c5 6. c4 Be7 7. O-O Qc7 8. Nc3
a6 9. d4 cxd4 10. Qxd4 d6 11. Rfd1 Nbd7 12. e4 O-O 13. Ba3 Nc5 14. e5 dxe5 15.
Qxe5 Rac8 16. Qxc7 Rxc7 17. Bxc5 Bxc5 18. Na4 Rfc8 19. Ne5 Bxg2 20. Kxg2 Kf8
21. Nxc5 Rxc5 22. Nd7+ Nxd7 23. Rxd7 R8c7 24. Rad1 Rxd7 25. Rxd7 Rc6 26. Rb7 a5
27. g4 g5 28. h4 gxh4 29. Kh3 Kg7 30. Kxh4 e5 31. f3 Kg6 32. Kg3 a4 33. f4
exf4+ 34. Kxf4 axb3 35. axb3 Re6 36. Rc7 f6 37. b4 Re1 38. b5 Rf1+ 39. Ke4 Rg1
40. Kf3 Rf1+ 41. Ke4 Rg1 42. Rb7 Rxg4+ 43. Kd5 h5 44. Rxb6 h4 45. Ra6 h3 46.
Ra1 Rg2 47. Rh1 h2 48. b6 Rb2 49. Kc6 Kf5 50. b7 Ke4 51. Rxh2 Rb4 52. c5 f5 53.
Rh8 1-0

[Event "PSNA CET 45th National Junior (U-19) Ch"]
[Site "PSNA College of Engineering &"]
[Date "2015.07.30"]
[Round "10.7"]
[White "Akash Pc, Iyer"]
[Black "Rakesh, Kumar Nayak"]
[Result "0-1"]
[WhiteElo "2243"]
[BlackElo "2181"]
[PlyCount "70"]
[EventDate "2015.07.23"]
[EventRounds "11"]
[EventCountry "IND"]
[SourceDate "2003.06.08"]

1. d4 d5 2. c4 c6 3. Nc3 Nf6 4. e3 Bf5 5. cxd5 cxd5 6. Qb3 Bc8 7. Nf3 e6 8. Bd3
Be7 9. O-O O-O 10. Bd2 Nc6 11. a3 a6 12. Na4 b5 13. Nc5 Bxc5 14. dxc5 e5 15.
Be2 Qe7 16. Rfc1 Rd8 17. a4 b4 18. Bb5 axb5 19. axb5 Rxa1 20. Rxa1 e4 21. Nd4
Nxd4 22. exd4 e3 23. Qxe3 Qd7 24. c6 Qc7 25. Qe5 Qb6 26. Qe7 Re8 27. Qc5 Qd8
28. f3 Re2 29. b6 Ne4 30. fxe4 Qh4 31. Rf1 Qxe4 32. Rf2 Rxd2 33. Qc1 Rxf2 34.
Kxf2 Qxd4+ 35. Qe3 Qf6+ 0-1

[Event "PSNA CET 45th National Junior (U-19) Ch"]
[Site "PSNA College of Engineering &"]
[Date "2015.07.30"]
[Round "10.8"]
[White "Aaditya, Jagadeesh"]
[Black "Sahoo, Utkal Ranjan"]
[Result "1-0"]
[WhiteElo "1984"]
[BlackElo "2215"]
[PlyCount "67"]
[EventDate "2015.07.23"]
[EventRounds "11"]
[EventCountry "IND"]
[SourceDate "2003.06.08"]

1. d4 d5 2. c4 e6 3. Nf3 Nf6 4. g3 Be7 5. Bg2 O-O 6. O-O Nbd7 7. Qc2 c6 8. Nbd2
b6 9. e4 Bb7 10. Rd1 Rc8 11. b3 c5 12. exd5 exd5 13. Bb2 Re8 14. Rac1 dxc4 15.
bxc4 cxd4 16. Bxd4 Qc7 17. Qb2 Qb8 18. Nf1 Qa8 19. Ne1 Bc5 20. Bxb7 Qxb7 21.
Ne3 Bxd4 22. Rxd4 Ne5 23. Nf5 Nxc4 24. Qa1 Re5 25. Nxg7 Ne3 26. Rxc8+ Qxc8 27.
Rf4 Neg4 28. h3 Nxf2 29. Rxf2 Rxe1+ 30. Qxe1 Kxg7 31. Qe5 Qc1+ 32. Kh2 Qh6 33.
g4 Qh4 34. Rf3 1-0

[Event "PSNA CET 45th National Junior (U-19) Ch"]
[Site "PSNA College of Engineering &"]
[Date "2015.07.30"]
[Round "10.9"]
[White "Sadhu, S Adithya"]
[Black "Krishna Teja, N."]
[Result "0-1"]
[WhiteElo "1978"]
[BlackElo "2192"]
[PlyCount "71"]
[EventDate "2015.07.23"]
[EventRounds "11"]
[EventCountry "IND"]
[SourceDate "2003.06.08"]

1. e4 c5 2. Ne2 d6 3. d4 cxd4 4. Nxd4 Nf6 5. Nc3 g6 6. Be3 Bg7 7. f3 O-O 8. Qd2
Nc6 9. g4 Nxd4 10. Bxd4 Be6 11. O-O-O Qa5 12. a3 Rfc8 13. h4 Rab8 14. h5 b5 15.
hxg6 fxg6 16. Qg5 Bf7 17. Nd5 Bxd5 18. Bxf6 b4 19. Qxd5+ Qxd5 20. Rxd5 Bxf6 21.
axb4 Rxb4 22. c3 Rb3 23. f4 Bg7 24. g5 Rb4 25. Bg2 Bxc3 26. bxc3 Rxc3+ 27. Kd1
Rg3 28. Rd2 Rxg2 29. Rxg2 Rb1+ 30. Ke2 Rxh1 31. Kd3 Rh3+ 32. Kd4 Rf3 33. Rg4
Rxf4 34. Rxf4 e5+ 35. Kd5 exf4 36. Kxd6 0-1

[Event "PSNA CET 45th National Junior (U-19) Ch"]
[Site "PSNA College of Engineering &"]
[Date "2015.07.30"]
[Round "10.10"]
[White "Srijit, Paul"]
[Black "Sai Agni Jeevitesh, J."]
[Result "1/2-1/2"]
[WhiteElo "1881"]
[BlackElo "2184"]
[PlyCount "148"]
[EventDate "2015.07.23"]
[EventRounds "11"]
[EventCountry "IND"]
[SourceDate "2003.06.08"]

1. e4 d6 2. d4 Nf6 3. Nc3 Nbd7 4. Nf3 e5 5. Bc4 Be7 6. O-O O-O 7. Re1 c6 8. a4
b6 9. Bg5 Qc7 10. d5 c5 11. Nh4 g6 12. h3 Qd8 13. Nf3 Nh5 14. Bh6 Ng7 15. Qd2
a6 16. Ng5 Bxg5 17. Bxg5 f6 18. Bh6 f5 19. f4 Rf7 20. exf5 Nxf5 21. Bg5 Qf8 22.
fxe5 Nxe5 23. Rxe5 dxe5 24. d6 Qxd6 25. Bxf7+ Kxf7 26. Qxd6 Nxd6 27. Rf1+ Kg8
28. Nd5 Nf7 29. Bf6 b5 30. axb5 axb5 31. Ne7+ Kf8 32. Nxc8 Rxc8 33. Bxe5 Ke8
34. Bf4 Ra8 35. Be3 c4 36. Bc5 Rc8 37. Bb4 Rc7 38. Rf6 Rb7 39. h4 Kd8 40. Kf2
Ne5 41. Kg3 Kd7 42. Kf4 Nc6 43. Bc5 Rb8 44. Ke4 Re8+ 45. Kf3 Re5 46. Be3 Nb4
47. Bf4 Re6 48. Rf7+ Re7 49. Rxe7+ Kxe7 50. Ke4 Nxc2 51. Kd5 Ne1 52. Bg5+ Kf7
53. Kc5 Nd3+ 54. Kxb5 Nxb2 55. Kb4 Ke6 56. Kc3 Na4+ 57. Kxc4 Kf5 58. Be3 Nb2+
59. Kd4 Nd1 60. Bd2 Kg4 61. Be1 Kf4 62. Kd3 Nb2+ 63. Kc3 Na4+ 64. Kd4 Nb6 65.
Kc5 Nd7+ 66. Kd6 Ne5 67. Bd2+ Kf5 68. Ke7 Kg4 69. Kf6 Nc4 70. Bg5 Nd6 71. Kg7
Nf5+ 72. Kxh7 Nxh4 73. Bxh4 Kxh4 74. Kxg6 Kg3 1/2-1/2

[Event "PSNA CET 45th National Junior (U-19) Ch"]
[Site "PSNA College of Engineering &"]
[Date "2015.07.30"]
[Round "10.11"]
[White "Chakravarthi Reddy, M."]
[Black "Adhithya, S."]
[Result "1-0"]
[WhiteElo "2260"]
[BlackElo "2074"]
[PlyCount "81"]
[EventDate "2015.07.23"]
[EventRounds "11"]
[EventCountry "IND"]
[SourceDate "2003.06.08"]

1. d4 Nf6 2. Nf3 g6 3. Nc3 d5 4. Bf4 Bg7 5. e3 O-O 6. Be2 c5 7. Ne5 Nc6 8. Qd2
Ne4 9. Nxe4 dxe4 10. Nxc6 bxc6 11. c3 Qa5 12. b4 cxb4 13. cxb4 Qb6 14. O-O Be6
15. Rfc1 Bd5 16. a4 Rac8 17. Qc3 Qb7 18. Qc5 Rfd8 19. Qa5 Qd7 20. Ba6 Ra8 21.
Bc7 Rf8 22. Rc5 e5 23. dxe5 Rae8 24. b5 Re6 25. Rd1 Qe8 26. Rdc1 Qa8 27. Bd6
Rfe8 28. bxc6 Bxc6 29. Rxc6 Bxe5 30. Rc8 Rxc8 31. Rxc8+ Qxc8 32. Bxc8 Rxd6 33.
g3 Rd1+ 34. Kg2 Bb8 35. Qb4 Bc7 36. Qxe4 Bb6 37. Bb7 Rd8 38. Bd5 Kf8 39. Qe5 h5
40. Bc4 Re8 41. Qf6 1-0

[Event "PSNA CET 45th National Junior (U-19) Ch"]
[Site "PSNA College of Engineering &"]
[Date "2015.07.30"]
[Round "10.12"]
[White "Raghav, Srivathsav V"]
[Black "Karthik, V.   Ap"]
[Result "1/2-1/2"]
[WhiteElo "2009"]
[BlackElo "2256"]
[PlyCount "59"]
[EventDate "2015.07.23"]
[EventRounds "11"]
[EventCountry "IND"]
[SourceDate "2003.06.08"]

1. a3 a6 2. b4 Nf6 3. Bb2 e6 4. e3 Be7 5. c4 d5 6. d4 O-O 7. Nd2 Nbd7 8. Bd3 c6
9. Ngf3 b5 10. c5 Bb7 11. O-O g6 12. Ne5 Nxe5 13. dxe5 Nd7 14. e4 Qc7 15. f4
Rfd8 16. Rc1 Nf8 17. Qe2 a5 18. exd5 exd5 19. f5 Bg5 20. e6 fxe6 21. fxe6 Re8
22. Rf7 Re7 23. Rcf1 Nxe6 24. Qxe6 Rxf7 25. Bxg6 hxg6 26. Qxg6+ Rg7 27. Qe6+
Kh7 28. Qh3+ Kg8 29. Qe6+ Kh7 30. Qh3+ 1/2-1/2

[Event "PSNA CET 45th National Junior (U-19) Ch"]
[Site "PSNA College of Engineering &"]
[Date "2015.07.31"]
[Round "11.1"]
[White "Aravindh, Chithambaram Vr"]
[Black "Dhulipalla, Bala Chandra Prasad"]
[Result "1-0"]
[WhiteElo "2507"]
[BlackElo "2207"]
[PlyCount "73"]
[EventDate "2015.07.23"]
[EventRounds "11"]
[EventCountry "IND"]
[SourceDate "2003.06.08"]

1. e4 c5 2. Nf3 Nc6 3. d4 cxd4 4. Nxd4 e6 5. Nc3 Qc7 6. Be2 a6 7. O-O Nf6 8.
Be3 Bb4 9. Na4 Be7 10. Nxc6 bxc6 11. Nb6 Rb8 12. Nxc8 Qxc8 13. e5 Nd5 14. Bc1
Bc5 15. c4 Ne7 16. b3 Qc7 17. Bb2 d6 18. exd6 Bxd6 19. Qd4 c5 20. Qxg7 Bxh2+
21. Kh1 Rg8 22. Qc3 Bd6 23. Rfe1 Nc6 24. Bh5 Nd4 25. Qh3 Kf8 26. Rad1 Be5 27.
Bc1 Bf4 28. Ba3 Nc2 29. Bxf7 Qxf7 30. Bxc5+ Kg7 31. Rxe6 Rgd8 32. Rd5 Kh8 33.
Be7 Rxd5 34. cxd5 Re8 35. Bf6+ Qxf6 36. Rxe8+ Kg7 37. Qd7+ 1-0

[Event "PSNA CET 45th National Junior (U-19) Ch"]
[Site "PSNA College of Engineering &"]
[Date "2015.07.31"]
[Round "11.2"]
[White "Sai, Vishwesh.C"]
[Black "Akash, G."]
[Result "1/2-1/2"]
[WhiteElo "2318"]
[BlackElo "2354"]
[PlyCount "118"]
[EventDate "2015.07.23"]
[EventRounds "11"]
[EventCountry "IND"]
[SourceDate "2003.06.08"]

1. e4 e5 2. Nf3 Nc6 3. Bb5 a6 4. Ba4 Nge7 5. O-O g6 6. c3 Bg7 7. d4 exd4 8.
cxd4 b5 9. Bb3 O-O 10. Nc3 d6 11. h3 Na5 12. Be3 Bb7 13. Bc2 Nc4 14. Qc1 Rc8
15. Bh6 c5 16. Bxg7 Kxg7 17. b3 cxd4 18. Nxb5 d3 19. Bxd3 Ne5 20. Qb2 axb5 21.
Nxe5 dxe5 22. Qxe5+ Kg8 23. Bxb5 Nc6 24. Bxc6 Rxc6 25. Qf4 Rc2 26. Rfc1 Qd3 27.
Rxc2 Qxc2 28. f3 Qb2 29. Qc1 Qd4+ 30. Kh1 Rc8 31. Qe1 Qb2 32. Qb1 Qa3 33. Qd3
Ba6 34. Qd2 Bb5 35. Rd1 Ra8 36. Qd5 Be8 37. Rd2 Rc8 38. Kh2 h5 39. Qd6 Qc1 40.
Rd1 Qb2 41. Rd2 Qa1 42. Qd4 Qc1 43. Qd6 h4 44. Rd1 Qb2 45. Qe7 Qf2 46. a4 Qg3+
47. Kh1 Kg7 48. e5 Qf4 49. e6 Qf6 50. Qxf6+ Kxf6 51. exf7 Bxf7 52. Rd6+ Ke5 53.
Rb6 Rc2 54. a5 Ra2 55. b4 g5 56. Rc6 Bd5 57. Rc5 Rb2 58. Rb5 Kd4 59. Rb6 Ke3
1/2-1/2

[Event "PSNA CET 45th National Junior (U-19) Ch"]
[Site "PSNA College of Engineering &"]
[Date "2015.07.31"]
[Round "11.3"]
[White "Karthikeyan, Murali"]
[Black "Kumaran, B."]
[Result "1/2-1/2"]
[WhiteElo "2509"]
[BlackElo "2254"]
[PlyCount "87"]
[EventDate "2015.07.23"]
[EventRounds "11"]
[EventCountry "IND"]
[SourceDate "2003.06.08"]

1. e4 c5 2. Nf3 Nc6 3. Nc3 e5 4. Bc4 Be7 5. d3 Nf6 6. Ng5 O-O 7. f4 exf4 8.
Bxf4 d6 9. O-O h6 10. Nf3 Be6 11. Nd5 Bxd5 12. exd5 Nb4 13. Bd2 Nbxd5 14. Nh4
Nb6 15. Nf5 Kh7 16. Qf3 d5 17. Rae1 Ng8 18. Bb3 Bf6 19. c3 g6 20. Nxh6 Nxh6 21.
Qxf6 Qxf6 22. Rxf6 Nf5 23. g4 Nd7 24. Rxf5 gxf5 25. Re7 Nb6 26. Rxb7 fxg4 27.
Be3 Kg6 28. Bxc5 Rfb8 29. Rc7 Rc8 30. Rxc8 Rxc8 31. Bd4 Rc6 32. a4 a5 33. Bd1
f5 34. Kf2 Nd7 35. b4 axb4 36. cxb4 Rc1 37. Ke2 Rb1 38. b5 f4 39. Kd2 f3 40.
Kc2 Rb4 41. Kc3 Rb1 42. Kc2 Rb4 43. Kc3 Rb1 44. Kc2 1/2-1/2

[Event "PSNA CET 45th National Junior (U-19) Ch"]
[Site "PSNA College of Engineering &"]
[Date "2015.07.31"]
[Round "11.4"]
[White "Rakesh, Kumar Nayak"]
[Black "Harsha, Bharathakoti"]
[Result "0-1"]
[WhiteElo "2181"]
[BlackElo "2368"]
[PlyCount "146"]
[EventDate "2015.07.23"]
[EventRounds "11"]
[EventCountry "IND"]
[SourceDate "2003.06.08"]

1. c4 b6 2. Nc3 Bb7 3. e4 e5 4. d3 Nc6 5. Nf3 Bc5 6. Be2 Nge7 7. O-O d6 8. a3
a5 9. Be3 O-O 10. Nd5 f5 11. Bxc5 bxc5 12. Rb1 Bc8 13. h3 Bd7 14. Kh2 Rb8 15.
Rg1 fxe4 16. dxe4 Ng6 17. Qd2 Nd4 18. Bd1 Nxf3+ 19. gxf3 Qh4 20. Rg3 Nf4 21.
Be2 Nxh3 22. Kg2 Nf4+ 23. Nxf4 exf4 24. Qd5+ Rf7 25. Qg5 Qxg5 26. Rxg5 Be6 27.
Rh5 Rb6 28. Bd3 g6 29. Rhh1 Kg7 30. b3 Rf8 31. a4 Rbb8 32. Bc2 Rbe8 33. Rh2 Bf7
34. Rd1 h5 35. Kf1 Kf6 36. Ke2 g5 37. Rg2 Rg8 38. Rdg1 Rg7 39. Kd2 Reg8 40. Bd1
Be6 41. Rh2 Bf7 42. Rhg2 h4 43. Kc3 Be6 44. Be2 c6 45. Rd1 Ke5 46. Re1 Rg6 47.
Rh2 R6g7 48. Rhh1 Rh8 49. Rh2 Kf6 50. Rd1 Rd7 51. Rg1 Rg8 52. Rd1 Rgd8 53. Rg1
Rg7 54. Rhg2 d5 55. cxd5 cxd5 56. e5+ Kxe5 57. Rxg5+ Rxg5 58. Rxg5+ Kf6 59. Rh5
h3 60. Rh6+ Ke5 61. Rh5+ Kd6 62. Bf1 Rb8 63. Rh6 Ke7 64. Rh7+ Kf6 65. Rh6+ Kf7
66. Bb5 Bf5 67. Bf1 Kg7 68. Rd6 h2 69. Bg2 d4+ 70. Kc4 d3 71. Kc3 Re8 72. Rc6
Re2 73. Rxc5 Rc2+ 0-1

[Event "PSNA CET 45th National Junior (U-19) Ch"]
[Site "PSNA College of Engineering &"]
[Date "2015.07.31"]
[Round "11.5"]
[White "Sammed Jaykumar, Shete"]
[Black "Aaditya, Jagadeesh"]
[Result "1-0"]
[WhiteElo "2267"]
[BlackElo "1984"]
[PlyCount "112"]
[EventDate "2015.07.23"]
[EventRounds "11"]
[EventCountry "IND"]
[SourceDate "2003.06.08"]

1. Nf3 g6 2. e4 c5 3. c3 d5 4. exd5 Qxd5 5. d4 Bg7 6. Be3 cxd4 7. Na3 Nh6 8.
Nb5 Na6 9. Nbxd4 O-O 10. Qb3 Qxb3 11. axb3 Nc7 12. Bc4 Ng4 13. Bg5 e5 14. Nc2
Be6 15. h3 Bxc4 16. bxc4 Nh6 17. Be3 b6 18. Nxe5 Rfe8 19. Nc6 Nf5 20. O-O Nxe3
21. Nxe3 a6 22. Nd5 Nxd5 23. cxd5 Re2 24. d6 Bf6 25. Rfe1 Rxb2 26. d7 Kf8 27.
Rad1 Rc2 28. Rd6 Bg5 29. d8=Q+ Bxd8 30. Nxd8 Ra7 31. Rxb6 Rxc3 32. Rb7 Rxb7 33.
Nxb7 Rc7 34. Rb1 Ke7 35. Rb6 Kd7 36. Na5 Ra7 37. Kh2 Ra8 38. Kg3 Ra7 39. Kg4 h6
40. h4 Ra8 41. g3 Ke7 42. h5 gxh5+ 43. Kxh5 Rc8 44. Nc6+ Kf8 45. Rxa6 Kg7 46.
f4 Rc7 47. Nd4 Rc5+ 48. Kg4 h5+ 49. Kh4 Rd5 50. Nf3 f6 51. Kh3 Rc5 52. Ra7+ Kh6
53. Nh4 Rc4 54. Ra6 Kg7 55. Nf5+ Kg6 56. Ne7+ Kg7 1-0

[Event "PSNA CET 45th National Junior (U-19) Ch"]
[Site "PSNA College of Engineering &"]
[Date "2015.07.31"]
[Round "11.6"]
[White "Krishna Teja, N."]
[Black "Pranavananda, V."]
[Result "1/2-1/2"]
[WhiteElo "2192"]
[BlackElo "2246"]
[PlyCount "75"]
[EventDate "2015.07.23"]
[EventRounds "11"]
[EventCountry "IND"]
[SourceDate "2003.06.08"]

1. d4 e6 2. c4 b6 3. Nc3 Bb7 4. e4 Bb4 5. Bd3 f5 6. Qe2 Nf6 7. Bg5 fxe4 8. Bxe4
Bxe4 9. Bxf6 Qxf6 10. Qxe4 Nc6 11. Nge2 O-O 12. O-O Bxc3 13. bxc3 Na5 14. c5
Qf5 15. Ng3 Qd5 16. cxb6 axb6 17. Qxd5 exd5 18. Rfe1 Nc6 19. Re2 Ra3 20. Rc1 b5
21. Rb2 Na7 22. Nf1 c6 23. Nd2 Nc8 24. Nb3 Re8 25. Kf1 Nb6 26. Re1 Rea8 27.
Ree2 Kf7 28. Rbc2 R8a4 29. Ke1 Rc4 30. Kd2 b4 31. Kd3 bxc3 32. Rxc3 Rca4 33.
Nc5 Ra7 34. Rxa3 Rxa3+ 35. Nb3 Na4 36. Rc2 Ke7 37. f4 h5 38. Re2+ 1/2-1/2

[Event "PSNA CET 45th National Junior (U-19) Ch"]
[Site "PSNA College of Engineering &"]
[Date "2015.07.31"]
[Round "11.7"]
[White "Rakesh, Kumar Jena"]
[Black "Chakravarthi Reddy, M."]
[Result "0-1"]
[WhiteElo "2126"]
[BlackElo "2260"]
[PlyCount "92"]
[EventDate "2015.07.23"]
[EventRounds "11"]
[EventCountry "IND"]
[SourceDate "2003.06.08"]

1. d4 Nf6 2. Nf3 c5 3. g3 cxd4 4. Nxd4 e5 5. Nb3 d5 6. Bg2 Nc6 7. O-O Be7 8.
Bg5 Be6 9. Bxf6 gxf6 10. Nc3 d4 11. Ne4 Qb6 12. a4 a5 13. Qd3 O-O 14. Qb5 Qxb5
15. axb5 Nb4 16. Rxa5 Nxc2 17. Rxa8 Rxa8 18. Nec5 Ra2 19. Nxe6 fxe6 20. Rb1 b6
21. g4 Nb4 22. Be4 Kg7 23. h4 h5 24. f3 Nd5 25. Bxd5 exd5 26. Nc1 Ra5 27. b4
Bxb4 28. Rxb4 Ra1 29. Kf2 Rxc1 30. Rb2 e4 31. fxe4 dxe4 32. gxh5 Rc5 33. Kg3
Rxh5 34. Rd2 Rd5 35. Kf4 f5 36. Rd1 Kh6 37. Rc1 d3 38. exd3 exd3 39. Rd1 Kg6
40. Kf3 Kh5 41. Kf4 d2 42. Kg3 Rd4 43. Kf3 Kxh4 44. Ke3 Rd5 45. Kf4 Kh5 46. Ke3
Kg5 0-1